[Event "SG Turm Raesfeld/Erle 2 - SK Dülmen 1"]
[Site "Verbandsliga 2018/2019"]
[Date "2018.09.01"]
[Round "1.1"]
[White "Eiersbrock, Robin"]
[Black "Pliete, Christian"]
[Result "1-0"]
[WhiteElo "2047"]
[BlackElo "1826"]
[PlyCount "83"]
[EventDate "2018.??.??"]
[SourceDate "2018.09.09"]

1. d4 Nf6 2. c4 c5 3. d5 e6 4. Nc3 exd5 5. cxd5 d6 6. e4 g6 7. h3 a6 8. a4 Bg7
9. Nf3 O-O 10. Bd3 Re8 11. O-O c4 12. Bc2 Nbd7 13. Bf4 Qb6 14. a5 Qc7 15. Re1
b5 16. axb6 Qxb6 17. Ra4 Nh5 18. Bc1 Qc7 19. Nb5 Qb8 20. Nbd4 Nb6 21. Ra3 Bd7
22. Bd2 Bb5 23. Bc3 Nd7 24. Ba4 Qb7 25. b3 Nc5 26. Bxb5 axb5 27. Rxa8 Rxa8 28.
bxc4 bxc4 29. Qc2 Ra3 30. Rb1 Nb3 31. Qb2 Qa8 32. Qc2 Ra2 33. Rb2 Rxb2 34. Qxb2
Qa4 35. Kh2 Nf4 36. Nc6 Bxc3 37. Qxc3 Qa2 38. Qf6 Nh5 39. Ne7+ Kf8 40. Qxd6 Qa8
41. Nxg6+ Kg7 42. Ne7 1-0

[Event "SG Turm Raesfeld/Erle 2 - SK Dülmen 1"]
[Site "Verbandsliga 2018/2019"]
[Date "2018.09.01"]
[Round "1.2"]
[White "Brömmel, Chris"]
[Black "Grund, Wolfgang"]
[Result "1/2-1/2"]
[WhiteElo "1797"]
[BlackElo "1907"]
[PlyCount "164"]
[EventDate "2018.??.??"]
[SourceDate "2018.09.09"]

1. e4 c5 2. Nf3 Nc6 3. c3 e6 4. d4 d5 5. exd5 exd5 6. Bb5 a6 7. Bxc6+ bxc6 8.
O-O Be6 9. Qa4 Qb6 10. Re1 h6 11. Ne5 Rc8 12. f4 Be7 13. Nd2 cxd4 14. cxd4 Nf6
15. Nd3 O-O 16. Nb3 Ne4 17. Be3 Rfe8 18. Rac1 Bf5 19. Ne5 Qb5 20. Qxb5 cxb5 21.
g4 Bh7 22. f5 Bd6 23. Bf4 h5 24. h3 hxg4 25. hxg4 f6 26. Nd3 Bf8 27. Nf2 g6 28.
fxg6 Bxg6 29. Nxe4 Bxe4 30. Nc5 Bxc5 31. dxc5 Kf7 32. b4 Rg8 33. g5 fxg5 34.
Bg3 Rh8 35. Kf2 Ke6 36. Re3 g4 37. Ke2 Rcf8 38. c6 Rc8 39. c7 Kd7 40. Kd2 Rh6
41. a3 Rh3 42. Bf4 Rh7 43. Bg3 Re8 44. Kc3 Rh3 45. Kd4 Kc8 46. Rc6 Kb7 47. Kc5
Rh1 48. Rb6+ Ka7 49. Rb8 Rc1+ 50. Kd6 Rxb8 51. cxb8=Q+ Kxb8 52. Be5 Kb7 53. Re2
Rc6+ 54. Ke7 Rh6 55. Rf2 Bf3 56. Rc2 Rh7+ 57. Kd6 Be4 58. Rf2 Rh6+ 59. Kc5 Bf3
60. Kd4 Rc6 61. Rh2 Rc4+ 62. Kd3 Be4+ 63. Ke3 g3 64. Bxg3 Rc3+ 65. Kf4 Rf3+ 66.
Kg4 Rxa3 67. Bf4 Rb3 68. Bd6 Rf3 69. Bc5 Rf6 70. Rh8 Rc6 71. Rd8 Rxc5 72. bxc5
b4 73. Rd6 a5 74. Kf4 Kc7 75. Rb6 Bc2 76. Ke3 b3 77. Kd2 d4 78. Kc1 a4 79. Kb2
d3 80. Rd6 d2 81. Rxd2 Kc6 82. Rd4 Kxc5 1/2-1/2

[Event "SG Turm Raesfeld/Erle 2 - SK Dülmen 1"]
[Site "Verbandsliga 2018/2019"]
[Date "2018.09.01"]
[Round "1.3"]
[White "Nolting, Bodo"]
[Black "Kadenbach, Wolfgang"]
[Result "1/2-1/2"]
[WhiteElo "1751"]
[BlackElo "1733"]
[PlyCount "27"]
[EventDate "2018.??.??"]
[SourceDate "2018.09.09"]

1. e4 e6 2. d4 d5 3. Nd2 c5 4. exd5 exd5 5. Ngf3 Nf6 6. Bb5+ Nc6 7. O-O Be7 8.
dxc5 O-O 9. Nb3 Bg4 10. Bf4 Rc8 11. c3 Ne4 12. h3 Bh5 13. Bd3 f5 14. Nbd4
1/2-1/2

[Event "SG Turm Raesfeld/Erle 2 - SK Dülmen 1"]
[Site "Verbandsliga 2018/2019"]
[Date "2018.09.01"]
[Round "1.4"]
[White "Hoffmann, Fabian"]
[Black "Rebber, Christian"]
[Result "1-0"]
[WhiteElo "1944"]
[BlackElo "1842"]
[PlyCount "63"]
[EventDate "2018.??.??"]
[SourceDate "2018.09.09"]

1. e4 c6 2. d4 d5 3. e5 Bf5 4. Bd3 Bxd3 5. Qxd3 Qb6 6. Nc3 e6 7. Be3 Qa6 8. Qd2
Nd7 9. Nge2 g6 10. h4 h5 11. Nf4 Nh6 12. Nd3 Nf5 13. O-O-O O-O-O 14. Kb1 Be7
15. g3 b6 16. Bg5 Bxg5 17. Qxg5 Nxd4 18. Nb4 Qc4 19. Rxd4 Qxd4 20. Nxc6 Qxf2
21. Nxd8 Rxd8 22. Nb5 a6 23. Nd6+ Kc7 24. Qe7 Qf3 25. Rc1 Rf8 26. c4 d4 27. c5
Qd3+ 28. Ka1 bxc5 29. Ne8+ Rxe8 30. Rxc5+ Kb6 31. Qd6+ Ka7 32. Qxd7+ 1-0

[Event "SG Turm Raesfeld/Erle 2 - SK Dülmen 1"]
[Site "Verbandsliga 2018/2019"]
[Date "2018.09.01"]
[Round "1.5"]
[White "Lödding, Detlef"]
[Black "Fasselt, Hendrik"]
[Result "0-1"]
[WhiteElo "1870"]
[BlackElo "1826"]
[PlyCount "116"]
[EventDate "2018.??.??"]
[SourceDate "2018.09.09"]

1. c4 Nf6 2. Nc3 e6 3. g3 d5 4. d4 Be7 5. Nf3 O-O 6. cxd5 exd5 7. Bg2 c6 8. O-O
h6 9. Bf4 Bf5 10. Rc1 Nbd7 11. h3 Re8 12. g4 Bh7 13. Qd2 Ne4 14. Nxe4 Bxe4 15.
Ne5 Bh7 16. Bg3 Nf6 17. f3 Rc8 18. b4 Qb6 19. a3 Rcd8 20. e3 Bd6 21. Qc3 Re7
22. Rfe1 Rde8 23. Kh2 a6 24. Re2 Qc7 25. Rce1 a5 26. bxa5 Ra8 27. Ra1 Rxa5 28.
a4 Re8 29. Qb3 Rea8 30. Rea2 c5 31. f4 c4 32. Qb2 Be4 33. Be1 R5a6 34. a5 Bxg2
35. Kxg2 Ne4 36. Qb5 Bxe5 37. dxe5 Nc5 38. Rb1 Qc6 39. Kh2 Nb3 40. Qb4 b6 41.
Qd6 bxa5 42. Qe7 R6a7 43. Qh4 a4 44. Bc3 Qc5 45. Qf2 Qc6 46. f5 Nc5 47. Bd4 Ne4
48. Qf4 Rb7 49. Rxb7 Qxb7 50. f6 g5 51. Qf5 Qc6 52. Rb2 Qe6 53. Qf1 a3 54. Rb6
Qd7 55. e6 fxe6 56. Qb1 Qc7+ 57. Kh1 Qg3 58. f7+ Kh7 0-1

[Event "SG Turm Raesfeld/Erle 2 - SK Dülmen 1"]
[Site "Verbandsliga 2018/2019"]
[Date "2018.09.01"]
[Round "1.6"]
[White "Tünte, Marcel"]
[Black "Kötting, Hans-Erich"]
[Result "1/2-1/2"]
[WhiteElo "1788"]
[BlackElo "1865"]
[PlyCount "51"]
[EventDate "2018.??.??"]
[SourceDate "2018.09.09"]

1. e4 c5 2. Nc3 Nc6 3. Bb5 a6 4. Bxc6 bxc6 5. f4 d6 6. d3 Nf6 7. Nf3 g6 8. O-O
Bg7 9. Qe1 O-O 10. Nh4 Qc7 11. Rb1 a5 12. f5 e5 13. Bg5 Bb7 14. Qd2 d5 15. Bh6
Rae8 16. Qg5 Bc8 17. exd5 Qd8 18. Bxg7 Kxg7 19. fxg6 fxg6 20. Nf5+ Bxf5 21.
Rxf5 cxd5 22. Rxe5 Rxe5 23. Qxe5 Re8 24. Qf4 Qe7 25. Rf1 d4 26. Ne4 1/2-1/2

[Event "SG Turm Raesfeld/Erle 2 - SK Dülmen 1"]
[Site "Verbandsliga 2018/2019"]
[Date "2018.09.01"]
[Round "1.7"]
[White "Tecklenborg, Georg"]
[Black "Droste, Laurenz"]
[Result "1-0"]
[WhiteElo "1782"]
[BlackElo "1619"]
[PlyCount "67"]
[EventDate "2018.??.??"]
[SourceDate "2018.09.09"]

1. e4 e6 2. d4 b6 3. Nf3 Bb7 4. Bd3 c5 5. c3 cxd4 6. cxd4 Bb4+ 7. Nc3 Ne7 8.
O-O Bxc3 9. bxc3 O-O 10. e5 Ng6 11. Ng5 h6 12. Nxf7 Rxf7 13. Bxg6 Nc6 14. Bxf7+
Kxf7 15. Qh5+ Kg8 16. Qg4 Kh7 17. Qe4+ Kh8 18. f4 Qc7 19. Qg6 Ne7 20. Qd3 Qc6
21. Rf2 Nf5 22. a4 Rc8 23. Rc2 Nh4 24. Raa2 Rf8 25. c4 Nf5 26. Ba3 Rf7 27. d5
exd5 28. cxd5 Qxa4 29. e6 dxe6 30. dxe6 Rf6 31. Be7 Qxf4 32. Bxf6 gxf6 33. Qd8+
Kg7 34. Qc7+ 1-0

[Event "SG Turm Raesfeld/Erle 2 - SK Dülmen 1"]
[Site "Verbandsliga 2018/2019"]
[Date "2018.09.01"]
[Round "1.8"]
[White "Terhart, Jürgen"]
[Black "Eiersbrock, Marko"]
[Result "1-0"]
[WhiteElo "1737"]
[BlackElo "1848"]
[PlyCount "49"]
[EventDate "2018.??.??"]
[SourceDate "2018.09.09"]

1. d4 d5 2. Nf3 Nf6 3. c4 c6 4. Nc3 Nbd7 5. Bg5 e6 6. e3 Bd6 7. cxd5 exd5 8.
Bd3 O-O 9. Qc2 b6 10. Bxh7+ Kh8 11. Bd3 Bb7 12. O-O Rc8 13. Bf5 c5 14. Bxf6
gxf6 15. Qe2 Rg8 16. Nh4 Rg7 17. f4 Qe8 18. Qh5+ Kg8 19. Rf3 Kf8 20. Qh6 Kg8
21. Rh3 Bf8 22. Rg3 Rg6 23. Qh5 Bg7 24. Nxg6 fxg6 25. Bxg6 1-0